banner-ar

South Asia 2009 / (Record no. 60604)

MARC details
000 -الفاتح
حقل البيانات ثابتة الطول 00790cam a2200241 a 4500
005 - وقت وتاريخ اخر تعامل مع التسجيلة
رقم الضبط 20240530110418.0
008 - عناصر البيانات ثابتة الطول - معلومات عامة
حقل البيانات ثابتة الطول 080530s2008 dcuab g b 001 0 eng
020 ## - الرقم الدولى المعيارى للكتب
الرقم الدولى المعيارى للكتاب 9780821375716 (pbk.)
020 ## - الرقم الدولى المعيارى للكتب
الرقم الدولى المعيارى للكتاب 9780821375723 (electronic)
040 ## - مصدر الفهرسة
وكالة الفهرسة الأصلية EG-CaGPL
وكالة النسخ EG-CaGPL
043 ## - رمز المنطقة الجغرافية
رمز المنطقة الجغرافية az-----
082 00 - رقم تصنيف ديوى العشرى
رقم الطبعة 21
رقم التصنيف 954
رقم المادة G REF/O S
245 00 - بيان العنوان
العنوان South Asia 2009 /
260 ## - PUBLICATION, DISTRIBUTION, ETC. (IMPRINT)
تاريخ النشر أو التوزيع c2009.
300 ## - الوصف المادى
التعداد xvii, 156 p. :
تفاصيل ماديه اخرى للوعاء col. ill.;
أبعاد الوعاء 26 cm.
500 ## - تبصرة عامة
تبصرة عامة Issues for 2010- cataloged as a serial in LC.
الهيئة التي ينطبق عليها الحقل DLC
504 ## - تبصرة ببليوجرافية
تبصرة ببليوجرافية,الخ Includes bibliographical references and index.
650 #0 - المدخل الاضافى بالموضوع-مصطلح موضوعى
مصطلح موضوعي Asia, South
التقسيم الفرعي الشكلي Case studies.
942 ## - عناصر المدخل الإضافي( كوها)
مصدر التصنيف او مخطط الترفيف Dewey Decimal Classification
Koha [default] item type المراجع
260 ## - PUBLICATION, DISTRIBUTION, ETC. (IMPRINT)
-- London :
-- World Bank,
856 41 - الوصول و الموقع الالكترونى
مواد محددة Table of contents only
معرف المصدر الموحد http://www.loc.gov/catdir/toc/ecip0819/2008022138.html
Holdings
حالة التراجع حالة الفقد مصدر التصنيف او خطة الترفيف حالة تلف ليس للاعارة المكان المؤقت الموقع الحالى تاريخ الاكتساب اجمالي اﻻعارات رقم الطلب الباركود تاريخ اخر مشاهدة تاريخ تفعيل السعر نوع وعاء كوها
    ddc     مكتبة القاهرة الكبرى مكتبة القاهرة الكبرى 03/09/2015   954 G REF/O S 159703 03/09/2015 03/09/2015 المراجع

Powered By

EGPV